[Event "1st Sivas Buruciye Open 2019"]
[Site "Sivas"]
[Date "2019.08.20"]
[Round "2"]
[White "Bashirov, Teymur"]
[Black "Sandalakis, Angelos"]
[Result "1/2-1/2"]
[WhiteElo "2298"]
[BlackElo "2439"]
[Annotator "TA"]
[PlyCount "62"]
[EventDate "2019.08.19"]
[EventType "swiss"]
[EventCountry "TUR"]
[SourceTitle "playchess.com"]
[Source "ChessBase"]
[SourceQuality "1"]

{[%evp 10,62,10,7,10,9,10,14,12,10,17,12,14,13,13,13,15,15,27,26,24,18,30,20,19,23,23,16,29,31,31,28,38,38,38,38,37,36,38,16,21,16,29,32,34,20,20,20,45,17,17,17,28,35,116]} 1. e4 d5 2. exd5 Qxd5 3. Nf3 Bg4 4. Be2 Nc6 5. d4 O-O-O 6. Be3 e5 {[%cal Re5d4] B01: Scandinavian Defence} 7. Nc3 (7. c4 Qa5+ 8. Bd2 Bb4 9. d5 Bxf3 10. Bxf3 Nd4 11. Nc3 Qa6 12. Be2 Nf6 13. a3 Bxc3 14. Bxc3 Nxe2 15. Qxe2 {1-0 (57) Morozevich,A (2769)-Grischuk,A (2761) Moscow 2012}) 7... Qa5 {...exd4 is the strong threat.} 8. Nxe5 {[%mdl 64] [#] Discovered Attack} Bxe2 {The position is equal.} 9. Qxe2 Nxe5 10. dxe5 Qxe5 11. Rd1 Rxd1+ 12. Kxd1 Nf6 13. Qc4 ({Of course not} 13. Bxa7 Qxe2+ 14. Kxe2 b6 $17) 13... Qe6 14. Qxe6+ fxe6 15. Ke2 ({Much weaker is} 15. Bxa7 b6 $17) 15... Bb4 16. Nb5 ({Not} 16. Bxa7 $2 Bxc3 17. bxc3 b6 $19) 16... a6 17. Nd4 $146 ({Predecessor:} 17. a3 Bd6 18. Nxd6+ cxd6 19. Rd1 Kc7 {½-½ (19) Ballester Llagaria,L (2203)-Alcaraz Ortega,J (2331) Mislata 2012}) 17... Re8 18. Nf3 Nd5 19. Ng5 Be7 20. h4 h6 21. Ne4 Nf6 22. Nxf6 Bxf6 $14 {[%mdl 4096] Endgame KRB-KRB} 23. b3 h5 24. c4 g6 25. g3 Kd7 26. Rd1+ Kc6 27. Kf3 a5 28. Ke4 Rf8 29. Bh6 Rf7 30. Bf4 Kc5 31. f3 Kc6 {Accuracy: White = 71%, Black = 55%.} (31... Kb4 $14) 1/2-1/2

[Event "1st Sivas Buruciye Open 2019"]
[Site "Sivas"]
[Date "2019.08.20"]
[Round "2"]
[White "Darban, Morteza"]
[Black "Saraci, Nderim"]
[Result "1/2-1/2"]
[WhiteElo "2280"]
[BlackElo "2398"]
[Annotator "TA"]
[PlyCount "52"]
[EventDate "2019.08.19"]
[EventType "swiss"]
[EventCountry "TUR"]
[SourceTitle "playchess.com"]
[Source "ChessBase"]
[SourceQuality "1"]

{[%evp 18,52,28,9,17,17,37,12,19,2,7,5,59,12,20,8,11,8,13,8,27,10,8,11,11,10,25,14,50,8,19,0,46,0,22,0,44]} 1. g3 Nf6 2. Bg2 d5 3. Nf3 c6 4. d3 Bg4 5. Nbd2 Nbd7 6. O-O e5 7. e4 dxe4 8. dxe4 Be7 9. h3 Bh5 10. Qe1 O-O {A07: Réti Opening: New York and Capablanca Systems} 11. Nc4 Qc7 12. Bd2 Rfe8 13. a4 Bf8 14. Nh4 {[#]} Bg6 $146 (14... Nc5 $11) ({Predecessor:} 14... Nc5 15. Ba5 b6 16. Bc3 Nfd7 17. f4 f6 18. fxe5 fxe5 {1-0 (48) Nakamura,H (2793)-Pelletier,Y (2541) Zuerich 2017}) 15. a5 b5 16. axb6 axb6 {With the idea ...Rxa1.} 17. Nxg6 hxg6 18. Qe2 Ra7 19. Rfd1 Rea8 20. Rxa7 Rxa7 21. b4 Ra2 22. Qd3 Qa7 23. Bc3 Qc7 24. Bd2 Qa7 25. Bc3 Qa4 26. Nb2 Qa7 {Accuracy: White = 37%, Black = 55%.} 1/2-1/2

[Event "1st Sivas Buruciye Open 2019"]
[Site "Sivas"]
[Date "2019.08.20"]
[Round "2"]
[White "Yarashov, Azat"]
[Black "Sevdimaliyev, Urfan"]
[Result "1/2-1/2"]
[WhiteElo "2156"]
[BlackElo "2348"]
[Annotator "TA"]
[PlyCount "45"]
[EventDate "2019.08.19"]
[EventType "swiss"]
[EventCountry "TUR"]
[SourceTitle "playchess.com"]
[Source "ChessBase"]
[SourceQuality "1"]

{[%evp 13,45,-5,13,-12,6,2,24,24,79,82,85,80,59,58,82,47,19,12,15,0,24,26,37,41,41,0,0,0,25,0,0,0,33,0]} 1. Nf3 Nf6 2. g3 g6 3. Bg2 d5 4. O-O Bg7 5. c4 O-O 6. cxd5 Nxd5 7. Nc3 Nc6 8. a3 {A16: English Opening: 1...Nf6 with ...d5} (8. d4 e5 9. Bg5 Nxc3 10. bxc3 f6 11. Be3 e4 12. Nd2 f5 13. Nb3 Ne7 14. c4 a5 15. a4 b6 16. Qc1 {1-0 (47) Amin,B (2686)-Jobava,B (2634) Batumi 2018}) 8... a5 9. d4 Nb6 {[%cal Rc6d4]} 10. d5 $146 {White has an edge.} ({Predecessor:} 10. Nb5 Bg4 11. h3 Bxf3 12. Bxf3 Nxd4 13. Nxd4 Qxd4 14. Bxb7 Rab8 15. Bf3 Qxd1 16. Rxd1 {½-½ (36) Sallai,K (2174)-Voiteanu,C (2288) Torokbalint 2004}) 10... Ne5 (10... Bxc3 $1 $11 11. dxc6 Qxd1 12. Rxd1 Bg7) 11. Nxe5 $16 Bxe5 12. Bh6 Re8 13. Rc1 Rb8 14. Qb3 e6 15. Rfd1 exd5 16. Nxd5 Nxd5 17. Bxd5 Qf6 18. Bg5 Qg7 $1 19. Bh6 Qf6 20. Bg5 Qg7 $1 21. Bh6 Qf6 22. Bg5 Qg7 $1 23. Bh6 {Accuracy: White = 30%, Black = 38%.} 1/2-1/2

[Event "1st Sivas Buruciye Open 2019"]
[Site "Sivas"]
[Date "2019.08.20"]
[Round "2"]
[White "Tofan, Ibrahim"]
[Black "Gasimov, Parviz"]
[Result "1-0"]
[WhiteElo "2055"]
[BlackElo "2342"]
[Annotator "TA"]
[PlyCount "89"]
[EventDate "2019.08.19"]
[EventType "swiss"]
[EventCountry "TUR"]
[SourceTitle "playchess.com"]
[Source "ChessBase"]
[SourceQuality "1"]

{[%evp 14,89,10,0,-12,-12,-13,-8,6,-32,0,2,0,-31,-18,-27,-25,-72,0,-33,-20,-37,-34,-108,-104,-125,0,0,7,6,8,0,0,0,0,0,0,-82,-55,-50,-43,-268,-261,-247,-132,-140,-130,-127,-129,-125,0,-31,-30,-27,0,-4,0,0,0,-12,-6,-10,-8,-3,29,34,999,984,775,426,752,735,4132,4132,29989,1022,896,580]} 1. e4 e6 2. d4 d5 3. exd5 exd5 4. Bd3 c5 5. dxc5 Bxc5 6. Nf3 Nf6 7. O-O O-O 8. Bg5 h6 {C01: French: Exchange Variation} 9. Bh4 g5 10. Bg3 Ne4 {The position is equal.} 11. Nbd2 Nxg3 12. hxg3 Nc6 13. c4 $146 ({Predecessor:} 13. Nb3 Bb6 14. c3 Bg4 15. a4 Re8 16. Qd2 Bxf3 17. gxf3 {0-1 (31) Bogut,Z (2443)-Atalik,S (2632) Banja Vrucica 2006}) 13... dxc4 14. Bxc4 Bf5 15. Qb3 Qd6 ({Black should try} 15... Rc8 $17) 16. Rac1 (16. Rad1 $5 {[%cal Rd2e4]} Na5 17. Qa4 $15) 16... b6 17. Bb5 Na5 18. Qa4 (18. Qd1 $15) 18... a6 $17 19. Be2 g4 (19... Rfe8 $1 $17 {[%cal Re8e2]} 20. Nc4 Nxc4 21. Qxc4 Qf6) 20. Nh4 $1 $11 {[%cal Rh4f5]} Bd7 $132 {[%mdl 2048] Black has counterplay} 21. Qd1 Qd4 22. Rc3 Be6 23. Rd3 Qxb2 24. Bxg4 Rad8 $1 {[%cal Rd8d3]} (24... Qxa2 25. Bxe6 Qxe6 26. Re1 $16) 25. Be2 (25. Rxd8 $11 Rxd8 26. Bxe6 Rxd2 27. Qg4+ Kf8 28. Ng6+ fxg6 29. Qf4+ Ke7 30. Qf7+ {[%mdl 64] Double Attack} Kd8 31. Qg8+ Ke7 32. Qf7+ Kd8 33. Qg8+ Ke7 34. Qf7+) 25... Rxd3 26. Bxd3 Rd8 27. Qe2 $2 (27. Ne4 $15 Qd4 28. Qh5) 27... Qd4 (27... Qxa2 28. Nhf3 $15) 28. Bf5 {[#]} Qxd2 ({Black should play} 28... Bxf5 $1 $19 29. Nxf5 Qxd2 30. Qg4+ Kf8 31. Qg7+ Ke8 32. Nxh6 Kd7) 29. Qg4+ $17 Qg5 30. Bxe6 fxe6 31. Qxe6+ {[#]} Kh8 ({Better is} 31... Kh7 $1 $17 {aiming for ...Rf8.} 32. Qf7+ Qg7 33. Qf5+ Kg8 34. Qe6+ Qf7 35. Qxh6 Rd5) 32. Nf3 Qg7 {...Nb7 is the strong threat.} 33. Ne5 Rd2 34. Qc8+ $1 Kh7 35. Qf5+ Kh8 {And now ...Nb7 would win.} 36. Qc8+ $1 Qg8 37. Qf5 Qxg3 ({Wrong is} 37... Rxa2 $2 38. Ng6+ Kg7 39. Rd1 $18) 38. Ng4 $1 {Black must now prevent Re1.} Qc7 {Strongly threatening ...Qg7.} ({But not} 38... Rxa2 $2 39. Re1 $16) 39. Re1 Rd8 $2 {[%mdl 8192]} (39... Be7 $14) 40. Qf6+ $18 {[%mdl 64] Double Attack} Kg8 41. Nxh6+ Kh7 {Threatens to win with ...Rf8.} 42. Nf7 Bxf2+ 43. Qxf2 {Intending Qh4+ and mate.} ({And not} 43. Kxf2 Qc5+ 44. Kf1 Qc4+ 45. Re2 Rd1+ 46. Kf2 Qd4+ 47. Qxd4 Rxd4 $11) 43... Rf8 44. Ng5+ (44. Qh4+ $142 Kg8 45. Qh8+ Kxf7 46. Qh7+ Kf6 47. Qxc7 Nc6 48. Rf1+ Ke6 49. Qxc6+ Ke7 50. Qe4+ Kd7 51. Rxf8) 44... Kg8 {[#]} 45. Qxf8+ $1 {[%mdl 512] Accuracy: White = 46%, Black = 45%.} 1-0

[Event "1st Sivas Buruciye Open 2019"]
[Site "Sivas"]
[Date "2019.08.20"]
[Round "2"]
[White "Khvadagiani, Nika"]
[Black "Isfandiyarli, Kamal"]
[Result "1-0"]
[WhiteElo "1880"]
[BlackElo "1684"]
[Annotator "NA RC"]
[PlyCount "61"]
[EventDate "2019.08.19"]
[EventType "swiss"]
[EventCountry "TUR"]
[SourceTitle "playchess.com"]
[Source "ChessBase"]
[SourceQuality "1"]
[TimeControl "5400+30"]

1. d4 {[%emt 0:00:30]} d5 {[%emt 0:00:30]} 2. c4 {[%emt 0:00:30]} e6 {[%emt 0:03:30]} 3. e3 {[%emt 0:00:30]} Nf6 {[%emt 0:00:30]} 4. Nf3 {[%emt 0:00:30]} Bd6 {[%emt 0:00:30]} 5. Nbd2 {[%emt 0:00:30]} Nbd7 {[%emt 0:00:30]} 6. Bd3 {[%emt 0:00:00]} c5 {[%emt 0:08:30]} 7. O-O {[%emt 0:01:00]} O-O {[%emt 0:00:30]} 8. e4 {[%emt 0:08:30]} cxd4 {[%emt 0:00:30]} 9. cxd5 {[%emt 0:02:30]} exd5 {[%emt 0:07:30]} 10. exd5 {[%emt 0:02:30]} Ne5 {[%emt 0:07:30]} 11. Nc4 {[%emt 0:09:30]} Bg4 {[%emt 0:01:30]} 12. Bg5 {[%emt 0:17:30]} Nxf3+ {[%emt 0:18:30]} 13. gxf3 {[%emt 0:00:30]} Bh3 {[%emt 0:00:30]} 14. Re1 {[%emt 0:00:30]} Bb4 {[%emt 0:01:30]} 15. Re5 {[%emt 0:08:30]} h6 {[%emt 0:00:30]} 16. Bh4 {[%emt 0:01:30]} b5 {[%emt 0:00:30]} 17. Nd2 {[%emt 0:02:30]} Qd6 {[%emt 0:08:30]} 18. Bg3 {[%emt 0:00:30]} Qd7 {[%emt 0:00:30]} 19. Ne4 {[%emt 0:01:30]} Nxd5 {[%emt 0:02:30]} 20. Qb3 {[%emt 0:00:30]} Be6 {[%emt 0:00:30]} 21. Rxd5 {[%emt 0:00:30]} Qxd5 {[%emt 0:00:30]} 22. Qxb4 {[%emt 0:00:00]} f5 {[%emt 0:00:00]} 23. Nc5 {[%emt 0:11:00]} Rac8 {[%emt 0:21:27]} 24. Nxe6 {[%emt 0:02:30]} Qxe6 {[%emt 0:00:30]} 25. Bf4 {[%emt 0:00:00]} Qd5 {[%emt 0:01:01]} 26. Qb3 {[%emt 0:01:00]} Rfd8 {[%emt 0:01:09]} 27. Bxb5 {[%emt 0:07:30]} d3 {[%emt 0:02:45]} 28. Rd1 {[%emt 0:00:30]} g5 {[%emt 0:02:53]} 29. Be3 {[%emt 0:01:30]} f4 {[%emt 0:00:09]} 30. Bxa7 {[%emt 0:03:06]} d2 {[%emt 0:02:34]} 31. Rxd2 {[%emt 0:00:34]} 1-0

[Event "1st Sivas Buruciye Open 2019"]
[Site "Sivas"]
[Date "2019.08.20"]
[Round "2"]
[White "Ercan, Mehmet Fahri"]
[Black "Yogunali, Mete"]
[Result "1-0"]
[WhiteElo "1854"]
[BlackElo "1687"]
[Annotator "NA RC"]
[PlyCount "83"]
[EventDate "2019.08.19"]
[EventType "swiss"]
[EventCountry "TUR"]
[SourceTitle "playchess.com"]
[Source "ChessBase"]
[SourceQuality "1"]
[TimeControl "5400+30"]

1. e4 {[%emt 0:17:30]} d5 {[%emt 0:00:30]} 2. exd5 {[%emt 0:01:30]} Qxd5 {[%emt 0:00:00]} 3. Nc3 {[%emt 0:00:30]} Qa5 {[%emt 0:00:00]} 4. d4 {[%emt 0:00:30]} c6 {[%emt 0:00:30]} 5. Nf3 {[%emt 0:01:30]} Nf6 {[%emt 0:00:30]} 6. Bd3 {[%emt 0:08:30]} Bg4 {[%emt 0:00:30]} 7. h3 {[%emt 0:00:30]} Bxf3 {[%emt 0:01:30]} 8. Qxf3 {[%emt 0:00:30]} Nbd7 {[%emt 0:00:30]} 9. O-O {[%emt 0:03:30]} e6 {[%emt 0:00:30]} 10. Bf4 {[%emt 0:01:30]} Be7 {[%emt 0:03:30]} 11. Rfe1 {[%emt 0:01:30]} O-O {[%emt 0:00:30]} 12. g4 {[%emt 0:04:30]} Nd5 {[%emt 0:02:30]} 13. Nxd5 {[%emt 0:04:30]} cxd5 {[%emt 0:02:30]} 14. g5 {[%emt 0:01:30]} Rfe8 {[%emt 0:03:30]} 15. h4 {[%emt 0:02:30]} g6 {[%emt 0:02:30]} 16. c3 {[%emt 0:05:30]} Bf8 {[%emt 0:05:30]} 17. h5 {[%emt 0:08:30]} Bg7 {[%emt 0:02:30]} 18. hxg6 {[%emt 0:01:30]} hxg6 {[%emt 0:01:30]} 19. Qg3 {[%emt 0:00:30]} Rac8 {[%emt 0:05:30]} 20. Kg2 {[%emt 0:00:30]} a6 {[%emt 0:02:30]} 21. Rh1 {[%emt 0:00:30]} e5 {[%emt 0:07:30]} 22. Be3 {[%emt 0:05:30]} e4 {[%emt 0:04:30]} 23. Be2 {[%emt 0:00:30]} Qb6 {[%emt 0:02:30]} 24. Bg4 {[%emt 0:03:30]} Re7 {[%emt 0:07:30]} 25. Rh4 {[%emt 0:02:30]} Rce8 {[%emt 0:14:30]} 26. Rah1 {[%emt 0:00:30]} f5 {[%emt 0:03:30]} 27. gxf6 {[%emt 0:01:30]} Nxf6 {[%emt 0:03:30]} 28. Bd1 {[%emt 0:00:30]} Kf7 {[%emt 0:03:59]} 29. Bb3 {[%emt 0:00:30]} Qc6 {[%emt 0:07:27]} 30. Qg5 {[%emt 0:01:30]} Rg8 {[%emt 0:02:00]} 31. Rf4 {[%emt 0:01:30]} Rd7 {[%emt 0:02:14]} 32. Rh3 {[%emt 0:01:32]} Ke7 {[%emt 0:03:13]} 33. Rxe4+ {[%emt 0:01:02]} dxe4 {[%emt 0:02:00]} 34. Bxg8 {[%emt 0:00:05]} Kf8 {[%emt 0:01:33]} 35. Bb3 {[%emt 0:03:34]} Nh5 {[%emt 0:00:47]} 36. Rh4 {[%emt 0:05:00]} Bf6 {[%emt 0:00:42]} 37. Qh6+ {[%emt 0:00:11]} Bg7 {[%emt 0:00:20]} 38. Qg5 {[%emt 0:01:44]} Bf6 {[%emt 0:00:35]} 39. Qh6+ {[%emt 0:00:01]} Bg7 {[%emt 0:00:16]} 40. Qh7 {[%emt 0:00:55]} Qf6 {[%emt 0:00:56]} 41. Qg8+ {[%emt 0:00:19]} Ke7 {[%emt 0:01:05]} 42. Rxe4+ {[%emt 0:00:06]} 1-0

[Event "1st Sivas Buruciye Open 2019"]
[Site "Sivas"]
[Date "2019.08.20"]
[Round "2"]
[White "Demir, Ugur"]
[Black "Gultekin, Celal"]
[Result "1-0"]
[WhiteElo "1790"]
[BlackElo "1501"]
[Annotator "NA RC"]
[PlyCount "52"]
[EventDate "2019.08.19"]
[EventType "swiss"]
[EventCountry "TUR"]
[SourceTitle "playchess.com"]
[Source "ChessBase"]
[SourceQuality "1"]
[TimeControl "5400+30"]

1. e4 {[%emt 0:00:00]} e6 {[%emt 0:00:30]} 2. Qe2 {[%emt 0:00:00]} c5 {[%emt 0:02:30]} 3. Nf3 {[%emt 0:00:00]} Nc6 {[%emt 0:00:30]} 4. g3 {[%emt 0:00:00]} Be7 {[%emt 0:01:30]} 5. Bg2 {[%emt 0:00:30]} Nf6 {[%emt 0:00:30]} 6. e5 {[%emt 0:03:30]} Nd5 {[%emt 0:01:30]} 7. c4 {[%emt 0:00:30]} Ndb4 {[%emt 0:03:30]} 8. d3 {[%emt 0:00:30]} d6 {[%emt 0:06:30]} 9. a3 {[%emt 0:00:30]} Na6 {[%emt 0:02:30]} 10. exd6 {[%emt 0:02:30]} Qxd6 {[%emt 0:03:30]} 11. Nc3 {[%emt 0:04:30]} O-O {[%emt 0:00:30]} 12. Be3 e5 {[%emt 0:05:30]} 13. Nd5 {[%emt 0:14:00]} Bd8 {[%emt 0:04:30]} 14. O-O {[%emt 0:07:30]} f5 {[%emt 0:04:30]} 15. Nd2 {[%emt 0:10:30]} f4 {[%emt 0:13:30]} 16. gxf4 {[%emt 0:03:30]} exf4 {[%emt 0:00:00]} 17. Bxf4 {[%emt 0:01:30]} Qg6 {[%emt 0:09:00]} 18. Bg3 {[%emt 0:11:30]} Nd4 {[%emt 0:01:30]} 19. Ne7+ {[%emt 0:05:30]} Kf7 {[%emt 0:18:22]} 20. Bd5+ {[%emt 0:15:21]} Be6 {[%emt 0:05:40]} 21. Qe5 {[%emt 0:07:17]} Kxe7 {[%emt 0:08:13]} 22. Qd6+ {[%emt 0:03:43]} Kf7 {[%emt 0:00:38]} 23. Rae1 {[%emt 0:01:27]} Bxd5 {[%emt 0:03:56]} 24. Qxd5+ {[%emt 0:00:29]} Ne6 {[%emt 0:00:55]} 25. Nf3 {[%emt 0:02:04]} Kg8 {[%emt 0:01:55]} 26. Ne5 {[%emt 0:04:04]} Qf5 1-0

[Event "1st Sivas Buruciye Open 2019"]
[Site "Sivas"]
[Date "2019.08.20"]
[Round "2"]
[White "Deveci, Halit"]
[Black "Basaran, Cahit"]
[Result "1/2-1/2"]
[WhiteElo "1637"]
[BlackElo "1834"]
[Annotator "NA RC"]
[PlyCount "146"]
[EventDate "2019.08.19"]
[EventType "swiss"]
[EventCountry "TUR"]
[SourceTitle "playchess.com"]
[Source "ChessBase"]
[SourceQuality "1"]
[TimeControl "5400+30"]

1. e4 {[%emt 0:00:30]} e5 {[%emt 0:00:30]} 2. f4 {[%emt 0:00:30]} d6 {[%emt 0:00:30]} 3. Nf3 {[%emt 0:00:30]} Nc6 {[%emt 0:00:00]} 4. Bc4 {[%emt 0:00:00]} Be7 {[%emt 0:02:00]} 5. O-O {[%emt 0:00:00]} Nf6 {[%emt 0:00:30]} 6. d3 {[%emt 0:10:30]} O-O {[%emt 0:01:30]} 7. h3 {[%emt 0:02:30]} a6 {[%emt 0:01:30]} 8. a4 {[%emt 0:02:30]} Bd7 {[%emt 0:02:30]} 9. Nc3 {[%emt 0:04:30]} exf4 {[%emt 0:07:30]} 10. Bxf4 {[%emt 0:04:30]} Be6 {[%emt 0:02:30]} 11. Nd5 {[%emt 0:14:30]} Bxd5 {[%emt 0:03:30]} 12. exd5 {[%emt 0:00:30]} Nb8 {[%emt 0:00:30]} 13. Nd4 {[%emt 0:01:30]} c6 {[%emt 0:07:30]} 14. dxc6 {[%emt 0:10:30]} bxc6 {[%emt 0:00:30]} 15. Nf5 {[%emt 0:01:30]} d5 {[%emt 0:00:30]} 16. Bb3 {[%emt 0:01:30]} Re8 {[%emt 0:06:30]} 17. Qf3 {[%emt 0:04:30]} Bf8 {[%emt 0:02:30]} 18. g4 {[%emt 0:05:30]} h6 {[%emt 0:13:30]} 19. h4 {[%emt 0:00:00]} Nh7 {[%emt 0:03:30]} 20. Be3 {[%emt 0:13:00]} Nd7 {[%emt 0:05:30]} 21. Bd4 {[%emt 0:09:07]} Ne5 {[%emt 0:05:30]} 22. Qf4 {[%emt 0:02:17]} f6 {[%emt 0:02:30]} 23. Rae1 {[%emt 0:02:24]} Qc7 {[%emt 0:05:30]} 24. Kg2 {[%emt 0:00:22]} Bd6 {[%emt 0:02:30]} 25. Nxd6 {[%emt 0:01:11]} Qxd6 {[%emt 0:00:30]} 26. Re2 {[%emt 0:04:30]} Nf8 {[%emt 0:02:30]} 27. Qg3 {[%emt 0:02:43]} Re6 {[%emt 0:02:49]} 28. g5 {[%emt 0:00:32]} hxg5 {[%emt 0:02:02]} 29. hxg5 {[%emt 0:00:06]} Nfd7 {[%emt 0:01:37]} 30. gxf6 {[%emt 0:00:52]} Rxf6 {[%emt 0:05:14]} 31. Rxf6 {[%emt 0:00:03]} Qxf6 {[%emt 0:00:32]} 32. Bxe5 {[%emt 0:00:11]} Nxe5 {[%emt 0:00:00]} 33. Qxe5 {[%emt 0:01:02]} Qg6+ {[%emt 0:00:14]} 34. Kf1 {[%emt 0:00:57]} Rf8+ {[%emt 0:00:22]} 35. Rf2 {[%emt 0:00:49]} Rxf2+ {[%emt 0:03:57]} 36. Kxf2 {[%emt 0:00:06]} Qh6 {[%emt 0:00:03]} 37. Qe3 {[%emt 0:00:53]} Qh2+ {[%emt 0:00:14]} 38. Ke1 {[%emt 0:00:33]} Qh4+ {[%emt 0:00:18]} 39. Kd1 {[%emt 0:00:00]} Qh1+ {[%emt 0:00:00]} 40. Kd2 {[%emt 0:00:00]} Qh2+ {[%emt 0:01:03]} 41. Kc3 {[%emt 0:00:08]} Qd6 {[%emt 0:00:29]} 42. d4 {[%emt 0:01:52]} a5 {[%emt 0:00:31]} 43. Qe5 {[%emt 0:00:31]} Qh6 {[%emt 0:00:41]} 44. Bxd5+ {[%emt 0:00:49]} cxd5 {[%emt 0:00:20]} 45. Qxd5+ {[%emt 0:00:33]} Kh7 {[%emt 0:00:30]} 46. Qxa5 {[%emt 0:00:30]} Qe3+ {[%emt 0:00:30]} 47. Kc4 {[%emt 0:00:30]} g5 {[%emt 0:00:30]} 48. Qf5+ {[%emt 0:00:30]} Kh6 {[%emt 0:00:30]} 49. a5 {[%emt 0:00:30]} Kh5 {[%emt 0:00:02]} 50. a6 {[%emt 0:00:15]} Qe2+ {[%emt 0:00:40]} 51. Qd3 {[%emt 0:00:08]} Qe6+ {[%emt 0:00:10]} 52. Kb4 {[%emt 0:00:13]} Qb6+ {[%emt 0:00:00]} 53. Ka3 {[%emt 0:01:10]} Qa5+ {[%emt 0:00:01]} 54. Kb3 {[%emt 0:00:06]} Qb6+ {[%emt 0:00:11]} 55. Ka4 {[%emt 0:00:13]} Qc6+ {[%emt 0:00:03]} 56. Ka3 {[%emt 0:00:28]} g4 {[%emt 0:02:05]} 57. b4 {[%emt 0:00:01]} Qb6 {[%emt 0:00:35]} 58. Qh7+ {[%emt 0:00:55]} Kg5 {[%emt 0:00:02]} 59. Qb7 {[%emt 0:01:42]} Qxd4 {[%emt 0:00:17]} 60. a7 {[%emt 0:00:21]} Qc3+ {[%emt 0:01:51]} 61. Ka4 {[%emt 0:00:15]} Qxc2+ {[%emt 0:00:00]} 62. Ka5 {[%emt 0:00:48]} Qa2+ {[%emt 0:00:05]} 63. Kb6 {[%emt 0:00:17]} Qf2+ {[%emt 0:00:16]} 64. Kc7 {[%emt 0:00:47]} Qf4+ {[%emt 0:00:18]} 65. Kc8 {[%emt 0:00:56]} Qf8+ {[%emt 0:00:42]} 66. Kd7 {[%emt 0:00:00]} Qf7+ {[%emt 0:00:00]} 67. Kc6 {[%emt 0:00:00]} Qf3+ {[%emt 0:00:59]} 68. Kb6 {[%emt 0:00:03]} Qe3+ {[%emt 0:00:10]} 69. Ka5 {[%emt 0:00:25]} Qa3+ {[%emt 0:00:43]} 70. Kb5 {[%emt 0:00:30]} Qd3+ {[%emt 0:00:00]} 71. Ka4 {[%emt 0:00:36]} Qc2+ {[%emt 0:00:13]} 72. Ka5 {[%emt 0:00:47]} Qa2+ {[%emt 0:00:15]} 73. Kb6 {[%emt 0:00:26]} Qf2+ {[%emt 0:00:10]} 1/2-1/2

[Event "1st Sivas Buruciye Open 2019"]
[Site "Sivas"]
[Date "2019.08.20"]
[Round "2"]
[White "Aslan, Muhammed Sadik"]
[Black "Kiziltas, Inanc Vefa"]
[Result "0-1"]
[WhiteElo "1543"]
[BlackElo "1826"]
[Annotator "NA RC"]
[PlyCount "65"]
[EventDate "2019.08.19"]
[EventType "swiss"]
[EventCountry "TUR"]
[SourceTitle "playchess.com"]
[Source "ChessBase"]
[SourceQuality "1"]
[TimeControl "5400+30"]

1. e4 {[%emt 0:04:30]} c6 {[%emt 0:00:30]} 2. d4 {[%emt 0:00:30]} d5 {[%emt 0:00:30]} 3. exd5 {[%emt 0:00:30]} cxd5 {[%emt 0:00:00]} 4. Nf3 {[%emt 0:00:30]} Bf5 {[%emt 0:00:00]} 5. Bd3 {[%emt 0:00:30]} Bg6 {[%emt 0:00:00]} 6. Bf4 {[%emt 0:03:30]} Nc6 {[%emt 0:02:00]} 7. c3 {[%emt 0:04:30]} e6 {[%emt 0:02:30]} 8. O-O {[%emt 0:06:30]} Bd6 {[%emt 0:01:30]} 9. Bg3 {[%emt 0:01:30]} Nf6 {[%emt 0:00:30]} 10. Qe2 {[%emt 0:03:30]} Bxg3 {[%emt 0:04:30]} 11. fxg3 {[%emt 0:02:30]} Bxd3 {[%emt 0:01:30]} 12. Qxd3 {[%emt 0:00:30]} Ne4 {[%emt 0:00:30]} 13. Nbd2 {[%emt 0:01:30]} f5 {[%emt 0:00:30]} 14. b4 {[%emt 0:24:30]} a6 {[%emt 0:06:30]} 15. a4 {[%emt 0:02:30]} O-O {[%emt 0:00:30]} 16. Rab1 {[%emt 0:09:30]} Rc8 {[%emt 0:03:30]} 17. Rfc1 {[%emt 0:07:30]} Qe7 {[%emt 0:18:30]} 18. Nb3 {[%emt 0:03:30]} g5 {[%emt 0:04:30]} 19. Nfd2 {[%emt 0:06:17]} h5 {[%emt 0:04:30]} 20. Nc5 {[%emt 0:04:24]} e5 {[%emt 0:02:30]} 21. Ndxe4 {[%emt 0:02:24]} fxe4 {[%emt 0:01:30]} 22. Qe2 {[%emt 0:01:11]} exd4 {[%emt 0:01:30]} 23. Qxh5 {[%emt 0:01:56]} d3 {[%emt 0:08:30]} 24. Qg6+ {[%emt 0:00:26]} Kh8 {[%emt 0:01:30]} 25. Qh6+ {[%emt 0:00:46]} Qh7 {[%emt 0:00:30]} 26. Qxg5 {[%emt 0:01:19]} Rf5 {[%emt 0:00:30]} 27. Qe3 {[%emt 0:00:40]} Ne5 {[%emt 0:00:30]} 28. h3 {[%emt 0:01:30]} Nc4 {[%emt 0:03:30]} 29. Qd4+ {[%emt 0:01:16]} Qg7 {[%emt 0:01:30]} 30. Qxg7+ {[%emt 0:01:37]} Kxg7 {[%emt 0:00:30]} 31. Ne6+ {[%emt 0:00:30]} Kh6 {[%emt 0:00:30]} 32. Rf1 {[%emt 0:00:30]} Rxf1+ {[%emt 0:00:30]} 33. Rxf1 {[%emt 0:01:52]} 0-1